|
|
|
|
| LEADER |
00000nab a2200000 a 4500 |
| 001 |
vtls000663614 |
| 003 |
SK-MaSNL |
| 005 |
20260304220201.0 |
| 008 |
160322c1998 xo 0 slo |
| 015 |
|
|
|a SNBRB1998/08-22082
|
| 035 |
|
|
|a CLN000015800
|
| 040 |
|
|
|a SNKBUCL
|b slo
|c SNKBUCL
|e AACR2
|
| 041 |
0 |
|
|a slo
|
| 044 |
|
|
|a xo
|c SK
|
| 080 |
|
|
|a 2-051(450=854)
|2 UDC-MRF-SK2
|
| 080 |
|
|
|a 929 Náhalka, Štefan
|2 UDC-MRF-SK2
|
| 100 |
1 |
|
|a Rydlo, Jozef M.,
|d 1948-
|4 aut
|9 207120
|
| 245 |
1 |
0 |
|a Pápežský prelát
|c Jozef Rydlo
|
| 300 |
|
|
|b Fotogr.
|
| 600 |
1 |
7 |
|a Náhalka, Štefan,
|d 1916-1975
|2 snkbucl
|9 62329
|
| 655 |
|
7 |
|a články z novín a časopisov
|2 snkbucl
|9 267496
|
| 773 |
0 |
|
|t Slovenská republika víkend
|g Roč. 5, č. 32/182 (1998), s. 15
|
| 850 |
|
|
|a Slovenská národná knižnica v Martine
|
| 852 |
|
|
|a SNK
|b KIS3GCP
|
| 958 |
|
|
|a SK
|
| 958 |
|
|
|a BX
|
| 958 |
|
|
|a IT
|
| 958 |
|
|
|a RBX
|
| 999 |
|
|
|c 3150521
|d 3152451
|